C by dissection : (Record no. 16165)
[ view plain ]
| 000 -LEADER | |
|---|---|
| fixed length control field | 00591nam a22001937a 4500 |
| 003 - CONTROL NUMBER IDENTIFIER | |
| control field | PILC |
| 005 - DATE AND TIME OF LATEST TRANSACTION | |
| control field | 20151008143244.0 |
| 008 - FIXED-LENGTH DATA ELEMENTS--GENERAL INFORMATION | |
| fixed length control field | 130219t xxu||||| |||| 00| 0 eng d |
| 020 ## - INTERNATIONAL STANDARD BOOK NUMBER | |
| International Standard Book Number | 9814096857 |
| 020 ## - INTERNATIONAL STANDARD BOOK NUMBER | |
| International Standard Book Number | 9789814096850 |
| 050 ## - LIBRARY OF CONGRESS CALL NUMBER | |
| Classification number | QA 76.73.C15 |
| Item number | .K45 2001 |
| 100 ## - MAIN ENTRY--PERSONAL NAME | |
| Personal name | Kelley, Al. |
| 245 ## - TITLE STATEMENT | |
| Title | C by dissection : |
| Statement of responsibility, etc | Al Kelley, Ira Pohl. |
| Remainder of title | the essentials of C programming / |
| 260 ## - PUBLICATION, DISTRIBUTION, ETC. (IMPRINT) | |
| Place of publication, distribution, etc | Singapore : |
| Name of publisher, distributor, etc | Pearson Education Asia Pte, |
| Date of publication, distribution, etc | 2001. |
| 300 ## - PHYSICAL DESCRIPTION | |
| Extent | xxiii, 641 pages : |
| Other physical details | illustrations ; |
| Dimensions | 23 cm. |
| 500 ## - GENERAL NOTE | |
| General note | Includes appendix and index. |
| 942 ## - ADDED ENTRY ELEMENTS (KOHA) | |
| Source of classification or shelving scheme | Library of Congress Classification |
| Koha item type | Books |
| Call number prefix | Foreign |
| Withdrawn status | Lost status | Source of classification or shelving scheme | Damaged status | Home library | Current library | Shelving location | Date acquired | Total Checkouts | Full call number | Barcode | Date last seen | Copy number | Price effective from | Koha item type | Source of acquisition | Public note | Total Renewals | Date checked out | Sub Shelving location |
|---|---|---|---|---|---|---|---|---|---|---|---|---|---|---|---|---|---|---|---|
| Library of Congress Classification | College Library | College Library | General Circulation Section | 11/19/2010 | QA 76.73.C15 .K45 2001 | C1335 | 05/15/2018 | 1 | 10/10/2013 | Books | |||||||||
| Library of Congress Classification | College Library | College Library | General Circulation Section | 10/08/2015 | 1 | QA 76.73.C15 .K45 2001 | C20157 | 04/01/2023 | 10/08/2015 | Books | Donation | 1 | 03/20/2023 | ||||||
| Withdrawn | Library of Congress Classification | Southville International School Affiliated with Foreign Universities Library | Southville International School Affiliated with Foreign Universities Library | 07/30/2015 | QA 76.73.C15 .K45 2001 | SFU2446 | 05/15/2018 | 07/30/2015 | Books | Donation | Books donated | ||||||||
| Withdrawn | Library of Congress Classification | Southville International School Affiliated with Foreign Universities Library | Southville International School Affiliated with Foreign Universities Library | 07/30/2015 | QA 76.73.C15 .K45 2001 | SFU2447 | 05/15/2018 | 07/30/2015 | Books | Donation | Books donated | ||||||||
| Withdrawn | Library of Congress Classification | Southville International School Affiliated with Foreign Universities Library | Southville International School Affiliated with Foreign Universities Library | 07/30/2015 | QA 76.73.C15 .K45 2001 | SFU2448 | 05/15/2018 | 07/30/2015 | Books | Donation | Books donated | ||||||||
| Withdrawn | Library of Congress Classification | Southville International School Affiliated with Foreign Universities Library | Southville International School Affiliated with Foreign Universities Library | 07/30/2015 | 1 | QA 76.73.C15 .K45 2001 | SFU2449 | 05/15/2018 | 07/30/2015 | Books | Donation | Books donated | 3 | 02/06/2016 | |||||
| Library of Congress Classification | Southville International School Affiliated with Foreign Universities Library | Southville International School Affiliated with Foreign Universities Library | Southville Foreign University Section | 07/30/2015 | QA 76.73.C15 .K45 2001 | SFU2450 | 05/15/2018 | 07/30/2015 | Books | Donation | |||||||||
| Withdrawn | Library of Congress Classification | Southville International School Affiliated with Foreign Universities Library | Southville International School Affiliated with Foreign Universities Library | Southville Foreign University Section | 07/30/2015 | QA 76.73.C15 .K45 2001 | SFU2451 | 05/15/2018 | 07/30/2015 | Books | Donation | Books donated | |||||||
| Library of Congress Classification | Southville International School Affiliated with Foreign Universities Library | Southville International School Affiliated with Foreign Universities Library | Southville Foreign University Section | 07/30/2015 | 1 | QA 76.73.C15 .K45 2001 | SFU2452 | 05/15/2018 | 07/30/2015 | Books | Donation | 2 | 02/06/2016 | ||||||
| Withdrawn | Library of Congress Classification | Southville International School Affiliated with Foreign Universities Library | Southville International School Affiliated with Foreign Universities Library | 07/30/2015 | QA 76.73.C15 .K45 2001 | SFU2453 | 05/15/2018 | 07/30/2015 | Books | Donation | Books donated | ||||||||
| Withdrawn | Library of Congress Classification | Southville International School Affiliated with Foreign Universities Library | Southville International School Affiliated with Foreign Universities Library | 07/30/2015 | QA 76.73.C15 .K45 2001 | SFU2454 | 05/15/2018 | 07/30/2015 | Books | Donation | Books donated |